| 000 | 01031cam a2200277 4500 | ||
|---|---|---|---|
| 001 | ABS68543 | ||
| 008 | 041207n2004 000 0 eng u | ||
| 035 | _a(Sirsi) u128223 | ||
| 100 | _aHammar, M. | ||
| 245 | 4 | _aThe European Union has influence on housing | |
| 260 | _c2004 | ||
| 490 |
_aGlobal Tenant: International Union of Tenants' Quarterly Magazine _v October 2004, 14-15(2) |
||
| 520 | _aAlthough housing is covered by the principle of subsidiarity there are several areas where the EU will have effects on or has already impacted on the housing sector. Looks at state support and EU competition rules, procurement, VAT, standardisation, structural funds and statistics and gives examples in each area. | ||
| 590 | _aABS | ||
| 590 | _aABS | ||
| 650 | _aSTANDARDISATION | ||
| 650 | _aSTRUCTURAL FUNDS | ||
| 650 | _aVAT | ||
| 650 | _aSTATISTICS | ||
| 650 | _aSTATE SUPPORT | ||
| 650 | _aProcurement-old | ||
| 650 | _aCOMPETITION RULES | ||
| 650 | _aEUROPEAN UNION | ||
| 690 | _aHOUSING | ||
| 942 | _n0 | ||
| 999 |
_c118415 _d118415 |
||